Advances in Experimental philosophy of Causation (Record no. 1436054)

MARC details
000 -LEADER
fixed length control field 00780 a2200241 4500
005 - DATE AND TIME OF LATEST TRANSACTION
control field 20251223151659.0
008 - FIXED-LENGTH DATA ELEMENTS--GENERAL INFORMATION
fixed length control field 251223b |||||||| |||| 00| 0 eng d
020 ## - INTERNATIONAL STANDARD BOOK NUMBER
International Standard Book Number 978-1-3502-3584-7 (pbk)
037 ## - SOURCE OF ACQUISITION
Terms of availability TB
040 ## - CATALOGING SOURCE
Original cataloging agency CRL
Transcribing agency CRL
041 ## - LANGUAGE CODE
Source of code eng
Language code of text/sound track or separate title eng
084 ## - COLON CLASSIFICATION NUMBER
Classification number R1 R2
Assigning agency CRL
245 ## - TITLE STATEMENT
Title Advances in Experimental philosophy of Causation
260 ## - PUBLICATION, DISTRIBUTION, ETC.
Place of publication, distribution, etc. London, UK:
Name of publisher, distributor, etc. Bloomsbury Academic,
Date of publication, distribution, etc. 2024.
300 ## - PHYSICAL DESCRIPTION
Extent xii;212p.
365 ## - TRADE PRICE
Price amount 28.99
Currency code UKP
650 ## - SUBJECT ADDED ENTRY--TOPICAL TERM
Topical term or geographic name entry element Logic
9 (RLIN) 859061
650 ## - SUBJECT ADDED ENTRY--TOPICAL TERM
Topical term or geographic name entry element Philosophy
9 (RLIN) 859062
700 ## - ADDED ENTRY--PERSONAL NAME
Personal name Willemsen, P.
Relator term Editor
9 (RLIN) 859063
700 ## - ADDED ENTRY--PERSONAL NAME
Personal name Wiegmann, A.
Relator term Editor
9 (RLIN) 859064
942 ## - ADDED ENTRY ELEMENTS (KOHA)
Koha item type Textbook
Source of classification or shelving scheme Colon Classification (CC)
Suppress in OPAC No
Classification part R1 R2
Holdings
Withdrawn status Lost status Source of classification or shelving scheme Damaged status Not for loan Home library Current library Date acquired Source of acquisition Cost, normal purchase price Inventory number Total Checkouts Full call number Barcode Date last seen Cost, replacement price Price effective from Koha item type
    Colon Classification (CC)   Ordered Central Library Central Library 2025-12-23 Elite Publishers Distributors 2811.10 15135 & 15/12/2025   R1 R2 CL1924871 2025-12-17 3513.88 2025-12-17 Textbook
Copyright @ Delhi University Library System